Controle externo contemporâneo : (Record no. 122)

MARC details
000 -LÍDER
Campo Fixo de Controle 00788cam a2200241 a 4500
001 - NÚMERO DE CONTROLE
Campo de Controle 122
003 - IDENTIFICAÇÃO DO NÚMERO DE CONTROLE
Campo de Controle BR-CuiBMT
005 - DATA E HORA DA ÚLTIMA ATUALIZAÇÃO
Campo de Controle 20231117000316.0
008 - DADOS FIXOS
Dados Fixos 230816s2021 mgb 000 0 por d
020 ## - INTERNATIONAL STANDARD BOOK NUMBER
Nº do ISBN 9786555180992
040 ## - AGÊNCIA CATALOGADORA
Código da Agência Catalogadora BR-CuiBMT
Agência que transcreveu o registro BR-CuiBMT
080 ## - Nº DA CLASSIFICAÇÃO DECIMAL UNIVERSAL
Nº edição CDU 2007
Nº Class. CDU 35.078.3
090 ## - NÚMERO DE CHAMADA
Nº classificação 35.078.3
Cutter L732c
100 1# - ENTRADA PRINCIPAL -- AUTOR PESSOAL
Nome pessoal Lima, Luiz Henrique,
Datas associadas ao nome 1960-
245 10 - TÍTULO PRINCIPAL
Título principal Controle externo contemporâneo :
Subtítulo reflexões, debates e polêmicas sobre o futuro dos tribunais de contas no Estado democrático /
Indicação de responsabilidade Luiz Henrique Lima.
260 ## - PUBLICAÇÃO, DISTRIBUIÇÃO, ETC.
Local de publicação Belo Horizonte :
Editora Fórum,
Data 2021.
300 ## - DESCRIÇÃO FÍSICA
N. páginas ou volumes 174 p. ;
Dimensões 21 cm
504 ## - NOTA DE BIBLIOGRAFIA, ETC.
Nota de bibliografia Inclui bibliografia.
650 ## - ASSUNTO TÓPICO
Cabeçalho tópico ou nome geográfico Controle externo
Subdivisão geográfica Brasil
650 ## - ASSUNTO TÓPICO
Cabeçalho tópico ou nome geográfico Tribunais de contas
Subdivisão geográfica Brasil
650 ## - ASSUNTO TÓPICO
Cabeçalho tópico ou nome geográfico Finanças públicas
Subdivisão geral Auditoria
942 ## - ELEMENTOS DE ENTRADA ADICIONAIS (KOHA)
Fonte de classificação ou esquema de arquivamento Classificação Decimal Universal
Tipo de item do Koha Livros
Holdings
Estado: removido Estado: perdido Fonte de classificação ou esquema de arquivamento Estado: danificado Indisponível para empréstimo Localização permanente Localização atual Data de aquisição Total Checkouts Número de Chamada completo Código de barras Date last seen Número do exemplar Preço efetivo a partir de Tipo de item (Koha)
    Classificação Decimal Universal     Biblioteca da Escola Superior de Contas do TCE/MT Biblioteca da Escola Superior de Contas do TCE/MT 28/06/2023   35.078.3 L732c BIBTCEMT23080099 16/08/2023 Ex. 1 16/08/2023 Livros
    Classificação Decimal Universal     Biblioteca da Escola Superior de Contas do TCE/MT Biblioteca da Escola Superior de Contas do TCE/MT 23/11/2023   35.078.3 L732c BIBTCEMT23110960 23/11/2023 Ex. 2 23/11/2023 Livros
    Classificação Decimal Universal     Biblioteca da Escola Superior de Contas do TCE/MT Biblioteca da Escola Superior de Contas do TCE/MT 23/11/2023   35.078.3 L732c BIBTCEMT23110961 23/11/2023 Ex. 3 23/11/2023 Livros
    Classificação Decimal Universal     Biblioteca da Escola Superior de Contas do TCE/MT Biblioteca da Escola Superior de Contas do TCE/MT 23/11/2023   35.078.3 L732c BIBTCEMT23110962 23/11/2023 Ex. 4 23/11/2023 Livros
    Classificação Decimal Universal     Biblioteca da Escola Superior de Contas do TCE/MT Biblioteca da Escola Superior de Contas do TCE/MT 23/11/2023   35.078.3 L732c BIBTCEMT23110963 23/11/2023 Ex. 5 23/11/2023 Livros

Powered by Koha